000 00743nam a2200229 a 4500
005 20220622063719.0
008 160503s2008 mx r 000 0 spa d
020 _a9781407508603
035 _aUPN01000210069
049 _aI
050 4 _aPZ71
_bG6.57
100 1 _aGoldsack, Gaby,
_d1966-
_933471
245 1 3 _aMy mom is great =
_bMi mamá es estupenda /
_cGaby Goldsack ; il. Sara Walker ; tr. Marina Bendersky.
260 _aInglaterra :
_bParragon,
_c2008.
300 _a[28] p. :
_bprincipalmente il. col.
500 _aTexto en inglés y español
650 4 _aMADRES -
_vLITERATURA INFANTIL
_912236
650 0 _aLiteratura infantil inglesa
_911046
740 0 _aMi mamá es estupenda
905 _aInfantil
999 _c182170
_d182170